| 000 | 02785cab a2200277 a 4500 | ||
|---|---|---|---|
| 005 | 20240912063815.0 | ||
| 008 | 991125c2020 sp ar p o 000 0 spa d | ||
| 035 | _aUPN01000235824 | ||
| 040 |
_aMX-MxUPN _bspa _eaacr2 |
||
| 049 | _aART-E | ||
| 100 | 1 | _aRozados Lorenzo, Lara | |
| 245 | 0 | 3 |
_aLa resignificación del propio cuerpo en el escenario. Violencia obstétrica y teatro documental: Anatomía dunha serea, de Iria Pinheiro _h[recurso electrónico en línea] |
| 506 | 0 | _aAcceso abierto | |
| 520 | 3 | _aDesde su propia experiencia, y a partir de conversaciones con varias mujeres, la actriz Iria Pinheiro constata la violencia obstétrica como una de las formas más socialmente normalizadas de violencia contra las mujeres. Con la puesta en escena de Anatomía dunha serea (octubre del 2018), Pinheiro resignifica su propio cuerpo y el cuerpo colectivo femenino, para recuperar la actancia a través de la catarsis escénica, y desmontar los operativos patriarcales de construcción del cuerpo femenino como objeto pasivo para el placer y la reproducción. Con el objetivo de investigar esta potencialidad de una pieza de teatro para combatir la opresión patriarcal, una de las formas de dominación más naturalizadas e invisibilizadas que perpetúa relaciones de sometimiento en el cuerpo social, y desde una metodología enfocada en los estudios teatrales y performativos, hemos analizado este uso performativo del propio cuerpo y del teatro documental. Analizamos cuáles son las estrategias (hiperpresencia, distanciamiento, qué lugar ocupa el cuerpo, qué lugar el relato, cómo son las condiciones de producción de este montaje, cómo llega al público), y las potencialidades del teatro documento en el marco de la lucha feminista. La recepción y la repercusión en prensa de este espectáculo, a casi seis meses de su estreno, demuestran que el tema de la maternidad y el de la violencia obstétrica son de enorme interés para el público general. Este ha resultado un montaje teatral pionero en este ámbito. Concluimos que una cuestión como la capacidad de decidir sobre el propio cuerpo, la propia gestación y parto y la propia maternidad de las mujeres es una cuestión política de primer orden, y situarla en la arena pública a través del teatro se constata como un estrategia de emancipación | |
| 541 | _aAcceso gratuito | ||
| 650 | 4 |
_aObstetricia _923520 |
|
| 650 | 2 |
_aPerformance (arte) _926692 |
|
| 650 | 2 |
_aCuerpo humano _99138 |
|
| 650 | 4 |
_aFeminismo _98967 |
|
| 653 | 0 | _aTeatro documental | |
| 653 | 0 | _aDerechos sexuales | |
| 773 |
_gVol. 11, no. 1 (2020) p. 89-100 _tInvestigaciones feministas _x2171-6080 |
||
| 856 | 4 | _uhttps://revistas.ucm.es/index.php/INFE/article/view/64004/4564456553418 | |
| 905 | _aArticulo | ||
| 942 | _cART-E | ||
| 999 |
_c207919 _d207919 |
||